مذكرات رجل عصبى : (Record no. 39955)
[ view plain ]
| 000 -الفاتح | |
|---|---|
| حقل البيانات ثابتة الطول | 01249nam a2200349Ia 4500 |
| 005 - وقت وتاريخ اخر تعامل مع التسجيلة | |
| رقم الضبط | 20240530103508.0 |
| 008 - عناصر البيانات ثابتة الطول - معلومات عامة | |
| حقل البيانات ثابتة الطول | 140319s9999 xx 000 0 ara d |
| 040 ## - مصدر الفهرسة | |
| وكالة الفهرسة الأصلية | GCL / |
| وكالة النسخ | GCL |
| 082 04 - رقم تصنيف ديوى العشرى | |
| رقم التصنيف | 808.8 |
| رقم المادة | ت م |
| 100 1# - المدخل الرئيسى - إسم شخصى | |
| الإسم الشخصى | تشيكوف |
| 245 10 - بيان العنوان | |
| العنوان | مذكرات رجل عصبى : |
| بقية العنوان | (هدية من الاديب عبدالفتاح الجمل) / |
| بيان المسئوليه,etc | تشيكوف |
| 300 ## - الوصف المادى | |
| التعداد | 64 ص |
| 490 ## - بيان السلسلة | |
| عنوان السلسلة | مختارات الاذاعة والتلفزيون |
| رقم المجلد/ التعيين التسلسلي | 0 |
| 650 04 - المدخل الاضافى بالموضوع-مصطلح موضوعى | |
| مصطلح موضوعي | الادب الروسى المترجم |
| 650 04 - المدخل الاضافى بالموضوع-مصطلح موضوعى | |
| مصطلح موضوعي | الادب الفرنسى المترجم |
| 650 04 - المدخل الاضافى بالموضوع-مصطلح موضوعى | |
| مصطلح موضوعي | الادب الالمانى المترجم |
| 650 04 - المدخل الاضافى بالموضوع-مصطلح موضوعى | |
| مصطلح موضوعي | الادب السويسرى المترجم |
| 650 04 - المدخل الاضافى بالموضوع-مصطلح موضوعى | |
| مصطلح موضوعي | الادب الايطالى المترجم |
| 650 04 - المدخل الاضافى بالموضوع-مصطلح موضوعى | |
| مصطلح موضوعي | الادب اليوغسلافى المترجم |
| 700 1# - المدخل الاضافى - اسم شخصى | |
| الإسم الشخصى | على ادهم (مترجم) |
| 700 1# - المدخل الاضافى - اسم شخصى | |
| الإسم الشخصى | رشاد رشدى (ترجمة) |
| 700 1# - المدخل الاضافى - اسم شخصى | |
| الإسم الشخصى | هايزة , باول |
| 700 1# - المدخل الاضافى - اسم شخصى | |
| الإسم الشخصى | محمد ابو طويلة |
| 700 1# - المدخل الاضافى - اسم شخصى | |
| الإسم الشخصى | على الراعى (ترجمة) |
| 700 1# - المدخل الاضافى - اسم شخصى | |
| الإسم الشخصى | جارشين |
| 700 1# - المدخل الاضافى - اسم شخصى | |
| الإسم الشخصى | فالسر، روبرت |
| 700 1# - المدخل الاضافى - اسم شخصى | |
| الإسم الشخصى | موباسان , ج.د |
| 700 1# - المدخل الاضافى - اسم شخصى | |
| الإسم الشخصى | مورفيا , البرتو |
| 700 1# - المدخل الاضافى - اسم شخصى | |
| الإسم الشخصى | تشيكوف، انطون |
| 942 ## - عناصر المدخل الإضافي( كوها) | |
| مصدر التصنيف او مخطط الترفيف | Dewey Decimal Classification |
| Koha [default] item type | كتاب |
| حالة التراجع | حالة الفقد | حالة تلف | ليس للاعارة | المكان المؤقت | الموقع الحالى | تاريخ الاكتساب | اجمالي اﻻعارات | رقم الطلب | الباركود | تاريخ اخر مشاهدة | تاريخ تفعيل السعر | نوع وعاء كوها |
|---|---|---|---|---|---|---|---|---|---|---|---|---|
| مكتبة القاهرة الكبرى | مكتبة القاهرة الكبرى | 03/26/2014 | 808.8\ت م | 97298 | 03/26/2014 | 03/26/2014 | كتاب |

